Tính lồi và tối ưu hóa trong không gian Banach

Các lí thuyết cơ bản về tính lồi và tối ưu trong không gian Banach, hệ thống các kiến thức từ cơ bản đến nâng cao. Hiểu biết về những cơ sở lí thuyết giải tích trong không gian Banach nói riêng và các không gian khác mang tính trừu tượng hơn....

Disgrifiad llawn

Wedi'i Gadw mewn:
Manylion Llyfryddiaeth
Prif Awdur: Nguyễn Thị Thảo Nguyên
Awduron Eraill: Hoàng Quang Tuyễn TS. (Hướng dẫn)
Fformat: Llyfr
Iaith:Vietnamese
Cyhoeddwyd: Đà Nẵng Đại học Đà Nẵng 2015
Pynciau:
Tagiau: Ychwanegu Tag
Dim Tagiau, Byddwch y cyntaf i dagio'r cofnod hwn!
Thư viện lưu trữ: Mạng thư viện Đại học Đà Nẵng
LEADER 01777nam a2200361 4500
001 000020245
003 16690
005 20150317160349.0
008 150311s2015 viesd
041 |a vie 
082 1 4 |a 515.732  |b NG-N 
100 1 |a Nguyễn Thị Thảo Nguyên 
245 1 |a Tính lồi và tối ưu hóa trong không gian Banach  |c Nguyễn Thị Thảo Nguyên ; Hoàng Quang Tuyễn hướng dẫn.  |k Luận văn Thạc sĩ 
260 |a Đà Nẵng  |b Đại học Đà Nẵng  |c 2015 
300 |a 107 tr., phụ lục 3 tr.  |c 29 cm.  |e Tóm tắt 
500 |a Luận văn thạc sĩ Khoa học. Chuyên ngành: Phương pháp toán sơ cấp. Mã số: 60.46.40. 
520 3 |a Các lí thuyết cơ bản về tính lồi và tối ưu trong không gian Banach, hệ thống các kiến thức từ cơ bản đến nâng cao. Hiểu biết về những cơ sở lí thuyết giải tích trong không gian Banach nói riêng và các không gian khác mang tính trừu tượng hơn. 
650 0 4 |a Không gian Banach  |v Luận văn tốt nghiệp  |x Tính lồi và tối ưu hóa 
653 |a Phương pháp toán sơ cấp 
653 |a Tính lồi 
653 |a Tính tối ưu hóa 
653 |a Không gian Banach 
700 1 |a Hoàng Quang Tuyễn  |c TS.  |e Hướng dẫn 
OWN |a LSP 
AVA |a UDN50  |b LSP  |d 515.732 NG-N  |e available  |t Error 5001 Not defined in file expand_doc_bib_avail.  |f 1  |g 0  |h N  |i 0  |k 1 
999 |a From the UDN01 
AVA |a UDN50  |b LSP  |d 515.732 NG-N  |e available  |t Error 5001 Not defined in file expand_doc_bib_avail.  |f 1  |g 0  |h N  |i 0  |k 1 
TYP |a Monograph 
TYP |a Printed language 
980 |a Mạng thư viện Đại học Đà Nẵng